Luces y sombras del ingreso básico universal /
En este artículo, Alyssa Battistoni examina el concepto de ingreso básico universal (IBU) y sus implicaciones sociales y económicas. El IBU es un programa que proporcionaría a cada ciudadano una cantidad regular de dinero sin condiciones. Aunque la idea del IBU tiene ventajas potenciales, como la re...
Gorde:
| Egile nagusia: | |
|---|---|
| Formatua: | Liburua |
| Hizkuntza: | Spanish |
| Gaiak: | |
| Sarrera elektronikoa: | texto completo desde el sitio de la revista |
| Etiketak: |
Etiketa erantsi
Etiketarik gabe, Izan zaitez lehena erregistro honi etiketa jartzen!
|
MARC
| LEADER | 00000nam a22000007a 4500 | ||
|---|---|---|---|
| 003 | cru CIDCACS/IIS | ||
| 005 | 20230831110455.0 | ||
| 007 | ta | ||
| 008 | 190918s2019 ag |||p|r||||||0| ||spa|d | ||
| 040 | |c cru CIDCACS/IIS | ||
| 100 | 1 | |9 8536 |a Battistoni, Alyssa | |
| 245 | 1 | |a Luces y sombras del ingreso básico universal / |c Alyssa Battistoni | |
| 300 | |a páginas 87-101 | ||
| 520 | |a En este artículo, Alyssa Battistoni examina el concepto de ingreso básico universal (IBU) y sus implicaciones sociales y económicas. El IBU es un programa que proporcionaría a cada ciudadano una cantidad regular de dinero sin condiciones. Aunque la idea del IBU tiene ventajas potenciales, como la reducción de la pobreza y la flexibilidad laboral, también presenta desafíos significativos. Battistoni analiza cómo el IBU puede interactuar con el sistema de bienestar existente y cómo podría afectar la relación entre el trabajo y el capital. Además, considera las preocupaciones sobre la financiación y el impacto en la igualdad de género. Concluye que, si bien el IBU ofrece posibles mejoras, también requiere una evaluación cuidadosa de sus consecuencias y su implementación en un contexto más amplio de justicia social y económica. RAR11/2022 | ||
| 650 | 0 | |2 OCDE |9 7733 |a INGRESOS | |
| 650 | 4 | |2 OCDE |9 2655 |a POLITICA ECONOMICA | |
| 650 | 4 | |2 OCDE |9 1845 |a SEGURIDAD SOCIAL | |
| 650 | 0 | |2 OCDE |9 77 |a DESIGUALDAD SOCIAL | |
| 650 | 0 | |2 OCDE |9 2121 |a BIENESTAR SOCIAL | |
| 650 | 0 | |2 UNESCO |9 143 |a ECONOMIA | |
| 650 | 0 | |2 UNESCO |9 289 |a POLITICA SOCIAL | |
| 650 | 0 | |2 OCDE |9 284 |a POBREZA | |
| 650 | 0 | |2 OCDE |9 4611 |a IGUALDAD DE GENERO | |
| 650 | 0 | |2 OCDE |9 27 |a TRABAJO | |
| 773 | 0 | |0 19022 |9 2892 |a Fundación Friedrich Ebert |d Fundación Friedrich Ebert; Nueva Sociedad |o 17018 |t Nueva Sociedad / | |
| 856 | |u https://www.nuso.org/media/articles/downloads/5.TC_Battistoni_279.pdf |y texto completo desde el sitio de la revista | ||
| 942 | |2 ddc |c PP | ||
| 999 | |c 42362 |d 42362 | ||
